Gregg speed studies and graded readings in Gregg shorthand
Αποθηκεύτηκε σε:
| Κύριος συγγραφέας: | |
|---|---|
| Μορφή: | Βιβλίο |
| Γλώσσα: | English |
| Δημοσίευση: |
New York :
The Gregg Publishing Company,
c1930
|
| Θέματα: | |
| Ετικέτες: |
Προσθήκη ετικέτας
Δεν υπάρχουν, Καταχωρήστε ετικέτα πρώτοι!
|
MARC
| LEADER | 00000nam a2200000 i 4500 | ||
|---|---|---|---|
| 001 | 1/71212 | ||
| 008 | 990302s1930 eng d | ||
| 035 | |l 10048269 | ||
| 040 | |a GR-MY-UA |b gre |e aacr | ||
| 041 | 0 | |a eng | |
| 082 | 0 | |a 653.427 | |
| 100 | 1 | |a Hunter, Alice Margaret |d 1880- | |
| 245 | 1 | 0 | |a Gregg speed studies and graded readings in Gregg shorthand / |c Alice Margaret Hunter |
| 260 | |a New York : |b The Gregg Publishing Company, |c c1930 | ||
| 300 | |a 314 p. | ||
| 500 | |a Revised and rewritten by our editorial staff in accordance with the anniversary edition of the system | ||
| 650 | 0 | 0 | |a Shorthand |x Gregg. |
| 852 | |a INST |b CHIOS |e 19990302 |h 653.427 HUN |p 005200014709 |q 005200014709 |t BK |y 0 | ||
| 901 | |a BIBL-1999-1 | ||
| 909 | |a Χ |b 055455 | ||
| 922 | |a 2ΔΩΡ |b 199903 |d ΛΕΜΟΝΙΑ | ||